K problematike európskeho občianstva vo svetle Európskej ústavnej zmluvy
Problematika európskeho občianstva ako súčasť odborných a politických diskusií v Európskej únii. Posilnenie novozakladaného európskeho občianstva v Zmluve o Európskej únii. Vypracovanie Charty ľudských práv a jej schválenie na summite EÚ v Nice v roku 2000. Základné práva občanov EÚ podľa Charty ľud...
Enregistré dans:
| Auteur principal: | |
|---|---|
| Format: | Chapitre de livre |
| Langue: | slovaque |
| Sujets: | |
| Tags: |
Pas de tags, Soyez le premier à ajouter un tag!
|
MARC
| LEADER | 00000naa$a2200000$$$4500 | ||
|---|---|---|---|
| 001 | 0056547 | ||
| 005 | 20240502083139.0 | ||
| 041 | 0 | |a slo | |
| 044 | |a CZ | ||
| 245 | 1 | 0 | |a K problematike európskeho občianstva vo svetle Európskej ústavnej zmluvy |c Peter Weiss |
| 520 | |a Problematika európskeho občianstva ako súčasť odborných a politických diskusií v Európskej únii. Posilnenie novozakladaného európskeho občianstva v Zmluve o Európskej únii. Vypracovanie Charty ľudských práv a jej schválenie na summite EÚ v Nice v roku 2000. Základné práva občanov EÚ podľa Charty ľudských práv. Začlenenie Charty ľudských práv do Zmluvy o ústave pre Európu. Hodnotenie tejto zmluvy niektorými politikmi. | ||
| 610 | 2 | 0 | |a Európska únia |
| 610 | 2 | 0 | |a ústava |
| 610 | 2 | 0 | |a občania |
| 610 | 2 | 0 | |a občianstvo štátne |
| 610 | 2 | 0 | |a práva ľudské |
| 610 | 2 | 0 | |a sloboda |
| 610 | 2 | 0 | |a rovnoprávnosť |
| 610 | 2 | 0 | |a vzťahy medzinárodné |
| 610 | 2 | 0 | |a politika medzinárodná |
| 610 | 2 | 0 | |a spolupráca medzinárodná |
| 100 | 1 | |a Weiss, Peter | |